[Event "Sparkassen-Open B"]
[Site "Heusenstamm, Martinsee"]
[Date "2017.11.23"]
[Round "1.29"]
[White "Espig, Nils"]
[Black "Wachsmann, Elmar"]
[Result "0-1"]
[WhiteElo "1409"]
[BlackElo "1665"]
[PlyCount "40"]
[EventDate "2017.??.??"]
[WhiteTeam "USV TU Dresden"]
[BlackTeam "SC Groß-Umstadt"]

1. e4 e5 2. Nf3 Nc6 3. Bc4 Nf6 4. Ng5 d5 5. exd5 Na5 6. Bb5+ c6 7. Bd3 cxd5 8.
Nc3 Nc6 9. O-O Bd6 10. Re1 O-O 11. b3 h6 12. Nh3 e4 13. Bb5 Qc7 14. Bb2 Bxh2+
15. Kh1 Be5 16. Qe2 Bxh3 17. gxh3 Qd7 18. Kg2 Qf5 19. Rg1 Nd4 20. Qf1 Qf3# 0-1

[Event "Sparkassen-Open B"]
[Site "Heusenstamm, Martinsee"]
[Date "2017.11.23"]
[Round "1.30"]
[White "Michel, Carsten"]
[Black "Eckhoff, Mathias"]
[Result "0-1"]
[WhiteElo "1664"]
[BlackElo "1393"]
[PlyCount "60"]
[EventDate "2017.??.??"]
[WhiteTeam "SC Flörsheim"]
[BlackTeam "SK Hungen"]

1. d4 d5 2. c4 e6 3. Nc3 Nf6 4. cxd5 exd5 5. Bg5 Nbd7 6. e3 c6 7. Bd3 Be7 8.
Qc2 a5 9. Nge2 b5 10. Bf4 Ba6 11. Rc1 b4 12. Na4 Bxd3 13. Qxd3 Rc8 14. O-O O-O
15. Kh1 Nb6 16. Nc5 Bxc5 17. dxc5 Nbd7 18. f3 Re8 19. Nd4 Ne5 20. Qe2 Qd7 21.
Rfd1 Nh5 22. Bxe5 Rxe5 23. Qf2 g6 24. Nb3 Qc7 25. Nd4 Rce8 26. Re1 Ng7 27. f4
Re4 28. Rc2 Ne6 29. Nxe6 R8xe6 30. f5 Rf6 0-1

[Event "Sparkassen-Open B"]
[Site "Heusenstamm, Martinsee"]
[Date "2017.11.23"]
[Round "1.31"]
[White "Bloß, Silvia"]
[Black "Stork, Christopher"]
[Result "0-1"]
[WhiteElo "1390"]
[BlackElo "1664"]
[PlyCount "70"]
[EventDate "2017.??.??"]
[WhiteTeam "Muldental Wilkau-Haßlau"]
[BlackTeam "SV Oberursel"]

1. d4 d5 2. Nf3 Nf6 3. h3 c5 4. c3 e6 5. Bf4 Nc6 6. e3 Be7 7. Bd3 O-O 8. O-O a6
9. Nbd2 b5 10. Re1 Bb7 11. e4 cxd4 12. e5 dxc3 13. exf6 cxd2 14. Qxd2 Bxf6 15.
Bg5 Bxg5 16. Nxg5 h6 17. Nxe6 fxe6 18. Rxe6 Rf6 19. Qe3 d4 20. Qe4 Nb4 21. Qh7+
Kf7 22. Bf5 Rxe6 23. Bxe6+ Kxe6 24. Qg6+ Qf6 25. Re1+ Kd6 26. Qg3+ Kd7 27. Qg4+
Kc7 28. Qg3+ Kb6 29. a3 Nc6 30. Qb3 Rf8 31. f3 Qf7 32. Qd3 Qc4 33. Qg6 d3 34.
Qxg7 Qd4+ 35. Qxd4+ Nxd4 $138 0-1

[Event "Sparkassen-Open B"]
[Site "Heusenstamm, Martinsee"]
[Date "2017.11.23"]
[Round "1.32"]
[White "Fritsch, Reinhold"]
[Black "Spill, Werner"]
[Result "1/2-1/2"]
[WhiteElo "1653"]
[BlackElo "1372"]
[PlyCount "46"]
[EventDate "2017.??.??"]
[WhiteTeam "SC Somborn"]
[BlackTeam "SC Königsspringer Alzenau"]

1. e4 b6 2. d4 Bb7 3. Bd3 e6 4. Nf3 c5 5. c3 cxd4 6. O-O Nc6 7. Qe2 dxc3 8.
Nxc3 Nb4 9. Bc4 Qc8 10. a3 Ba6 11. Nb5 Bxb5 12. Bxb5 Nc6 13. Bf4 Nf6 14. Rac1
a6 15. Bc4 Be7 16. Ba2 Qb7 17. e5 Nh5 18. Bg5 Bxg5 19. Nxg5 Nf4 20. Qf3 h6 21.
Nxf7 O-O 22. Qxf4 Rxf7 23. Qe4 Raf8 1/2-1/2

[Event "Sparkassen-Open B"]
[Site "Heusenstamm, Martinsee"]
[Date "2017.11.23"]
[Round "1.33"]
[White "Ramien, Hannah"]
[Black "Hansen, Thore"]
[Result "0-1"]
[WhiteElo "1369"]
[BlackElo "1648"]
[PlyCount "52"]
[EventDate "2017.??.??"]
[WhiteTeam "SG Porz"]
[BlackTeam "vereinslos"]

1. e4 e5 2. Nf3 Nc6 3. Bc4 Be7 4. d3 Nf6 5. c3 O-O 6. O-O d6 7. Nbd2 Be6 8. Bb3
Qd7 9. Re1 Rad8 10. Nf1 Rfe8 11. Bg5 h6 12. Bxf6 Bxf6 13. Ne3 b5 14. d4 exd4
15. cxd4 Bxb3 16. axb3 Rxe4 17. d5 Ne5 18. Nxe5 Bxe5 19. Rxa7 Bd4 20. Rb7 Bb6
21. Qc2 Rde8 22. Rc1 f5 23. Nf1 Re2 24. Qc6 Qxc6 25. dxc6 Bxf2+ 26. Kh1 Bb6 0-1

[Event "Sparkassen-Open B"]
[Site "Heusenstamm, Martinsee"]
[Date "2017.11.23"]
[Round "1.34"]
[White "Bach, Oliver"]
[Black "Müller, Maximilian"]
[Result "1/2-1/2"]
[WhiteElo "1599"]
[BlackElo "1362"]
[PlyCount "111"]
[EventDate "2017.??.??"]
[WhiteTeam "Frankfurter TV"]
[BlackTeam "SC Eppelborn"]

1. d4 Nf6 2. c4 g6 3. Nc3 Bg7 4. e4 d6 5. Bf4 O-O 6. Qd2 c5 7. d5 Re8 8. Bh6 e6
9. Bxg7 Kxg7 10. O-O-O exd5 11. exd5 Bf5 12. h4 h5 13. f3 Qe7 14. Be2 a6 15. g4
hxg4 16. fxg4 Nxg4 17. Rf1 Qe3 18. h5 Qxd2+ 19. Kxd2 Nd7 20. Rf4 Nge5 21. hxg6
fxg6 22. Nf3 Nxf3+ 23. Bxf3 Ne5 24. Be2 Rh8 25. Rg1 Kf6 26. Ne4+ Ke7 27. Ng3
Bd7 28. Ne4 Bf5 29. Ng5 Rh2 30. Nf3 Nxf3+ 31. Rxf3 Re8 32. Re3+ Kf7 33. Rxe8
Kxe8 34. Rg3 Kd7 35. a3 a5 36. Ke3 Rh3 37. Rxh3 Bxh3 38. Kf4 Ke7 39. Kg5 Kf7
40. Bd3 Kg7 41. Bxg6 Bf1 42. Be4 Bxc4 43. Kf5 Kf7 44. Bf3 Ke7 45. Ke4 a4 46.
Bg4 Kd8 47. Bf3 b5 48. Kf5 b4 49. Ke4 Bb3 50. Be2 Kc7 51. Bd3 c4 52. Bb1 c3 53.
Kd3 bxa3 54. bxa3 Bxd5 55. Kxc3 Bb3 56. Kd4 1/2-1/2

[Event "Sparkassen-Open B"]
[Site "Heusenstamm, Martinsee"]
[Date "2017.11.23"]
[Round "1.35"]
[White "Peschk, Kathrin"]
[Black "Rupp, Arnim"]
[Result "0-1"]
[WhiteElo "1345"]
[BlackElo "1636"]
[PlyCount "72"]
[EventDate "2017.??.??"]
[WhiteTeam "SV Groß-Gerau"]
[BlackTeam "SC Eschborn"]

1. d4 d5 2. Nf3 Bf5 3. Bf4 e6 4. e3 Nf6 5. c3 c5 6. Be2 cxd4 7. exd4 Bd6 8. Bg3
h6 9. O-O Bxg3 10. fxg3 O-O 11. Nbd2 Nbd7 12. Qb3 Qb6 13. Qxb6 Nxb6 14. Ne5
Nbd7 15. Ndf3 Nxe5 16. Nxe5 Ne4 17. Bf3 f6 18. Bxe4 Bxe4 19. Nd7 Rf7 20. Nc5
Bf5 21. Rac1 b6 22. Nb3 Rc8 23. Nd2 b5 24. b3 Rfc7 25. Rf3 b4 26. c4 dxc4 27.
Nxc4 Be4 28. Re3 Bd5 29. Ree1 Bxc4 30. Rxc4 Rxc4 31. bxc4 Rxc4 32. Rxe6 Rxd4
33. Re7 a5 34. Ra7 Rd5 35. Rb7 Rd3 36. Ra7 Ra3 0-1

[Event "Sparkassen-Open B"]
[Site "Heusenstamm, Martinsee"]
[Date "2017.11.23"]
[Round "1.36"]
[White "Policarpo, Raphael"]
[Black "Wiese, Frank"]
[Result "1-0"]
[WhiteElo "1633"]
[BlackElo "1338"]
[PlyCount "119"]
[EventDate "2017.??.??"]
[WhiteTeam "SC Heusenstamm"]
[BlackTeam "SF Frankfurt"]

1. e4 e5 2. Nf3 Nc6 3. Bb5 a6 4. Ba4 Nf6 5. O-O Be7 6. d3 b5 7. Bb3 d6 8. Nc3
Na5 9. h3 Nxb3 10. axb3 Bb7 11. Bg5 O-O 12. Re1 Qd7 13. Qd2 Nh5 14. Bxe7 Qxe7
15. d4 Nf4 16. dxe5 dxe5 17. Nd5 Nxd5 18. exd5 f6 19. c4 Rfd8 20. Qc2 c6 21.
dxc6 Bxc6 22. Nd2 Qb7 23. f3 Rac8 24. Ne4 Be8 25. c5 b4 26. Qc4+ Bf7 27. Qxa6
Qxa6 28. Rxa6 f5 29. Nd6 Rc7 30. Rxe5 Bxb3 31. Rb6 Bc2 32. Rxb4 Ra8 33. Nxf5
Bxf5 34. Rxf5 Rac8 35. Rb5 h6 36. b4 Rd8 37. Rb6 Rd1+ 38. Kf2 Rc1 39. Ke3 Re1+
40. Kd4 Rd7+ 41. Kc4 Rc1+ 42. Kb5 Rb1 43. c6 Rd4 44. Kc5 Rd2 45. Rb8+ Kh7 46.
b5 Rc1+ 47. Kb6 Rd6 48. Rc5 Re1 49. Kb7 Re7+ 50. c7 Rdd7 51. b6 Rd2 52. Rc8 Rb2
53. Rc6 Rxg2 54. Kb8 Rge2 55. b7 R2e3 56. Ka7 Ra3+ 57. Ra6 Rb3 58. Rh8+ Kxh8
59. c8=Q+ Kh7 60. Qc2+ 1-0

[Event "Sparkassen-Open B"]
[Site "Heusenstamm, Martinsee"]
[Date "2017.11.23"]
[Round "1.37"]
[White "Al-Butmeh, Firas"]
[Black "Weber, Detlef"]
[Result "1/2-1/2"]
[WhiteElo "1325"]
[BlackElo "1633"]
[PlyCount "110"]
[EventDate "2017.??.??"]
[WhiteTeam "SV Lahn Limburg"]
[BlackTeam "SC Höxter"]

1. e4 e5 2. Nf3 Nc6 3. d4 exd4 4. Bc4 Nf6 5. e5 d5 6. exf6 dxc4 7. Qe2+ Be6 8.
fxg7 Bxg7 9. Ng5 Qd5 10. O-O O-O-O 11. Nxe6 fxe6 12. Re1 e5 13. Na3 d3 14. cxd3
cxd3 15. Qg4+ Qd7 16. Qxd7+ Rxd7 17. Bd2 Nd4 18. Re4 Nc2 19. Nxc2 dxc2 20. Bg5
h6 21. Bh4 Rd4 22. f3 h5 23. Rc1 Rd1+ 24. Re1 Rxe1+ 25. Bxe1 Rd8 26. Rxc2 Rd5
27. Bc3 Bf8 28. Re2 Bd6 29. g4 h4 30. h3 Kd7 31. Re4 Bc5+ 32. Kg2 Bd4 33. Bxd4
exd4 34. Re2 d3 35. Rd2 c5 36. b3 b5 37. Kf2 c4 38. bxc4 bxc4 39. Ke3 Ke6 40.
f4 Kf6 41. Ke4 Rd6 42. f5 Rd7 43. Kf4 Rd4+ 44. Ke3 Ke5 45. Rd1 Re4+ 46. Kf3 Kd4
47. f6 Re6 48. g5 Re8 49. f7 Rf8 50. g6 c3 51. Kg2 c2 52. Rf1 d2 53. g7 d1=Q
54. Rxd1+ cxd1=Q 55. gxf8=Q Qe2+ 1/2-1/2

[Event "Sparkassen-Open B"]
[Site "Heusenstamm, Martinsee"]
[Date "2017.11.23"]
[Round "1.38"]
[White "Hänselmann, Hendrik"]
[Black "Pessotschinski, Eduard"]
[Result "1-0"]
[WhiteElo "1597"]
[BlackElo "1297"]
[PlyCount "58"]
[EventDate "2017.??.??"]
[WhiteTeam "Karlsruher SF"]
[BlackTeam "TuS Makkabi"]

1. e4 c5 2. Nf3 d6 3. d4 cxd4 4. Nxd4 Nf6 5. Nc3 g6 6. Be2 Bg7 7. O-O O-O 8.
Nb3 Nc6 9. Bg5 a6 10. Re1 Be6 11. Bf1 Qd7 12. Qd2 Rfe8 13. Rad1 Rad8 14. a4 Ne5
15. Kh1 Bxb3 16. cxb3 Qe6 17. f4 Neg4 18. h3 Nh6 19. f5 gxf5 20. exf5 Qxf5 21.
Qf4 Qc8 22. Rc1 Qd7 23. Bxf6 Bxf6 24. Rc2 Kg7 25. Nd5 Be5 26. Qf3 e6 27. Rc7
exd5 28. Rxd7 Rxd7 29. Qxd5 Rc8 1-0

[Event "Sparkassen-Open B"]
[Site "Heusenstamm, Martinsee"]
[Date "2017.11.23"]
[Round "1.39"]
[White "Landvoigt, Martin"]
[Black "Werner, Tom"]
[Result "0-1"]
[WhiteElo "1310"]
[BlackElo "1627"]
[PlyCount "66"]
[EventDate "2017.??.??"]
[WhiteTeam "SF Friedberg"]
[BlackTeam "VSG Offenbach"]

1. f4 e6 2. Nf3 d5 3. e3 c5 4. c3 Nc6 5. Be2 Nge7 6. d4 Nf5 7. O-O Be7 8. Ne5
a6 9. Qa4 Bd7 10. Qb3 Qc7 11. Bg4 cxd4 12. Bxf5 exf5 13. cxd4 Nxe5 14. fxe5 Be6
15. Nc3 Qd7 16. Bd2 O-O 17. Na4 Qb5 18. Qxb5 axb5 19. Nc3 b4 20. Ne2 Rfc8 21.
Rfc1 Rc6 22. Nf4 Rac8 23. a3 bxa3 24. bxa3 g6 25. Bb4 Rxc1+ 26. Rxc1 Rxc1+ 27.
Kf2 Bxb4 28. axb4 Rc2+ 29. Kf3 Rb2 30. Nd3 Rb3 31. Ke2 b6 32. h3 Bd7 33. g3 Bb5
0-1

[Event "Sparkassen-Open B"]
[Site "Heusenstamm, Martinsee"]
[Date "2017.11.23"]
[Round "1.40"]
[White "Uphoff, Jürgen"]
[Black "Klein, Simon"]
[Result "1/2-1/2"]
[WhiteElo "1625"]
[BlackElo "1302"]
[PlyCount "36"]
[EventDate "2017.??.??"]
[WhiteTeam "vereinslos"]
[BlackTeam "SK Hungen"]

1. f4 d6 2. Nf3 Nc6 3. e3 g6 4. Nc3 Bg7 5. b3 Nf6 6. Bb2 O-O 7. a3 e5 8. fxe5
Nxe5 9. Be2 Bg4 10. O-O a6 11. Nxe5 Bxe2 12. Qxe2 dxe5 13. Rf2 Re8 14. Raf1 Re6
15. Qf3 c6 16. Ne4 Qe7 17. a4 Qf8 18. Ra1 Nxe4 1/2-1/2

[Event "Sparkassen-Open B"]
[Site "Heusenstamm, Martinsee"]
[Date "2017.11.23"]
[Round "1.41"]
[White "Hegmann, Kolja"]
[Black "Hofmann, Werner"]
[Result "0-1"]
[WhiteElo "1300"]
[BlackElo "1624"]
[PlyCount "26"]
[EventDate "2017.??.??"]
[WhiteTeam "TuS Makkabi"]
[BlackTeam "SV Kelsterbach"]

1. e4 c6 2. Nf3 d5 3. exd5 cxd5 4. d4 Bg4 5. Be2 e6 6. O-O h6 7. Be3 Nf6 8.
Nbd2 Bd6 9. c4 Nc6 10. Ne5 Bxe2 11. Nxc6 Bxh2+ 12. Kxh2 Qc7+ 13. Ne5 Bxd1 0-1

[Event "Sparkassen-Open B"]
[Site "Heusenstamm, Martinsee"]
[Date "2017.11.23"]
[Round "1.42"]
[White "Pohle, Saskia"]
[Black "von Beckh, Frieda"]
[Result "1-0"]
[WhiteElo "1497"]
[BlackElo "1288"]
[PlyCount "71"]
[EventDate "2017.??.??"]
[WhiteTeam "Muldental Wilkau-Haßlau"]
[BlackTeam "SC Eschborn"]

1. e4 d5 2. exd5 Nf6 3. d4 Bg4 4. Nf3 Nxd5 5. Be2 Nc6 6. c4 Nf6 7. Be3 e6 8.
O-O Bb4 9. a3 Bd6 10. Nc3 O-O 11. h3 Bf5 12. Nh4 Ne4 13. Nxf5 exf5 14. Nxe4
fxe4 15. c5 Be7 16. d5 Ne5 17. Qd4 Nd7 18. Rac1 Nf6 19. Rfd1 Qd7 20. f3 exf3
21. Bxf3 Rad8 22. Bf4 Rfe8 23. Be5 Qb5 24. Bxc7 Rd7 25. Be5 Red8 26. d6 Rc8 27.
Bg4 Nxg4 28. Qxg4 f6 29. dxe7 Rxd1+ 30. Rxd1 Qxc5+ 31. Bd4 Qc6 32. Bxf6 g6 33.
Rd8+ Rxd8 34. exd8=Q+ Kf7 35. Qe7+ Kg8 36. Qg7# 1-0

[Event "Sparkassen-Open B"]
[Site "Heusenstamm, Martinsee"]
[Date "2017.11.23"]
[Round "1.43"]
[White "Krieger, Roy"]
[Black "Kremenetskiy, Igor"]
[Result "1/2-1/2"]
[WhiteElo "1293"]
[BlackElo "1603"]
[PlyCount "63"]
[EventDate "2017.??.??"]
[WhiteTeam "Muldental Wilkau-Haßlau"]
[BlackTeam "SF Heusenstamm"]

1. d4 Nf6 2. Nf3 d6 3. Bf4 g6 4. e3 c6 5. Bd3 Bg7 6. c3 O-O 7. O-O Bg4 8. h3
Bxf3 9. Qxf3 Re8 10. Qd1 Qb6 11. Qb3 Qc7 12. Nd2 Nbd7 13. c4 Qb6 14. Qxb6 Nxb6
15. Rab1 e5 16. Bh2 Rad8 17. b3 Bh6 18. d5 cxd5 19. cxd5 Nfxd5 20. Bb5 Re7 21.
Nc4 Nc3 22. Nxb6 Nxb1 23. Nd5 Re6 24. Rxb1 a6 25. Bc4 b5 26. Bd3 Rc8 27. Bg3
Rc5 28. Nb6 f5 29. a4 Rc3 30. Be2 f4 31. axb5 axb5 32. Bh2 1/2-1/2

[Event "Sparkassen-Open B"]
[Site "Heusenstamm, Martinsee"]
[Date "2017.11.23"]
[Round "1.44"]
[White "Strate, Wolfgang"]
[Black "Lochmann, Tobias"]
[Result "1-0"]
[WhiteElo "1602"]
[BlackElo "1251"]
[PlyCount "37"]
[EventDate "2017.??.??"]
[WhiteTeam "SC Eschbach"]
[BlackTeam "SV Groß-Gerau"]

1. d4 d5 2. e4 e6 3. Nd2 Nc6 4. c3 Nf6 5. e5 Ne4 6. Nxe4 dxe4 7. Qg4 f5 8. exf6
gxf6 9. Qxe4 Bd7 10. Be2 Qe7 11. Bh5+ Kd8 12. Nf3 f5 13. Qe2 Be8 14. Bg5 Qxg5
15. Nxg5 Bd7 16. Nf7+ Kc8 17. Nxh8 Na5 18. d5 Bg7 19. dxe6 1-0

[Event "Sparkassen-Open B"]
[Site "Heusenstamm, Martinsee"]
[Date "2017.11.23"]
[Round "1.45"]
[White "Englert, Lin"]
[Black "Emig, Nils"]
[Result "0-1"]
[WhiteElo "1227"]
[BlackElo "1600"]
[PlyCount "54"]
[EventDate "2017.??.??"]
[WhiteTeam "TV-Großostheim"]
[BlackTeam "SK Marburg"]

1. e4 c5 2. Nf3 e6 3. d4 cxd4 4. Nxd4 Nc6 5. Nc3 Qc7 6. Be3 a6 7. Be2 Nf6 8. a4
Bb4 9. Bf3 Ne5 10. Bd2 Nxf3+ 11. Qxf3 Qe5 12. Nde2 Qc7 13. O-O b6 14. Bg5 Be7
15. Rfd1 Bb7 16. Bxf6 Bxf6 17. Qg3 Be5 18. f4 Bxc3 19. Nxc3 O-O 20. e5 f6 21.
Rf1 Rf7 22. Rf2 Raf8 23. Raf1 Qc5 24. exf6 Rxf6 25. Rd1 Rg6 26. Qh3 Rxg2+ 27.
Kf1 Qxf2# 0-1

[Event "Sparkassen-Open B"]
[Site "Heusenstamm, Martinsee"]
[Date "2017.11.23"]
[Round "1.46"]
[White "Kail, Thomas"]
[Black "Gräf, Roman Konrad"]
[Result "1-0"]
[WhiteElo "1598"]
[BlackElo "1191"]
[PlyCount "117"]
[EventDate "2017.??.??"]
[WhiteTeam "SK Klingenberg"]
[BlackTeam "SV Frankfurt Nord"]

1. e4 e6 2. Nf3 b6 3. d4 d6 4. c4 g6 5. b3 Bg7 6. Bb2 Bb7 7. Qc2 h6 8. Nbd2 Ne7
9. d5 Bxb2 10. Qxb2 e5 11. Be2 Bc8 12. h3 g5 13. g3 g4 14. hxg4 Bxg4 15. Nf1 h5
16. Ne3 Ng6 17. Nxg4 hxg4 18. Rxh8+ Nxh8 19. Nh2 Qg5 20. Nxg4 Nd7 21. b4 O-O-O
22. Qd2 f6 23. Qxg5 fxg5 24. Kd2 Nf7 25. Rh1 Rh8 26. Rxh8+ Nxh8 27. Nh6 Nf6 28.
Ke3 Kd7 29. Ng4 Ke7 30. Nxf6 Kxf6 31. a4 Nf7 32. b5 Nh6 33. Kd3 g4 34. Ke3 Kg5
35. Kd3 Ng8 36. Kc3 Ne7 37. Kb4 Ng8 38. a5 Nf6 39. Bd3 Nd7 40. Bc2 Nc5 41. axb6
axb6 42. Kc3 Nd7 43. Kd2 Nc5 44. Ke3 Nb7 45. Bd3 Nc5 46. Bf1 Nb3 47. Be2 Nd4
48. Bd1 Nf3 49. Bxf3 gxf3 50. Kxf3 Kh5 51. g4+ Kg5 52. Kg3 Kg6 53. Kh4 Kh6 54.
g5+ Kg6 55. Kg4 Kf7 56. Kf5 Kg7 57. g6 Kf8 58. Kf6 Kg8 59. g7 1-0

[Event "Sparkassen-Open B"]
[Site "Heusenstamm, Martinsee"]
[Date "2017.11.23"]
[Round "1.47"]
[White "Solovej, Philip"]
[Black "Kodalle, Dominik"]
[Result "0-1"]
[WhiteElo "1190"]
[BlackElo "1589"]
[PlyCount "98"]
[EventDate "2017.??.??"]
[WhiteTeam "SK Gründau"]
[BlackTeam "Aschaffenburg-Schweinheim"]

1. e4 c5 2. Nf3 Nc6 3. Bc4 Nf6 4. d3 d6 5. Nc3 e6 6. Bg5 Be7 7. O-O a6 8. Ne2
b5 9. Bb3 O-O 10. Ng3 Bb7 11. a3 Rc8 12. h3 Na5 13. Ba2 c4 14. dxc4 Nxc4 15.
Bxc4 Rxc4 16. b3 Rc7 17. Re1 Qa8 18. Qd3 Rfc8 19. Rac1 Rc3 20. Qd2 Qb8 21. Re3
Rxe3 22. Qxe3 Qc7 23. Qd3 Qc3 24. Qxc3 Rxc3 25. Nd4 h6 26. Bxf6 Bxf6 27. Nde2
Rc8 28. f3 d5 29. Nh5 Bb2 30. Rb1 Rxc2 31. Nhf4 dxe4 32. fxe4 Bxe4 33. Kf1 Rxe2
34. Nxe2 Bxb1 35. Kf2 Bxa3 36. Nc3 Bc2 37. b4 Bxb4 38. Na2 Bc5+ 39. Ke2 b4 40.
Kd2 b3 41. Nc1 Bb4+ 42. Ke2 b2 43. Na2 b1=Q 44. Nxb4 Qxb4 45. Ke3 Qe4+ 46. Kf2
Bd3 47. Kg3 g5 48. Kf2 a5 49. Kg3 Qf4# 0-1

[Event "Sparkassen-Open B"]
[Site "Heusenstamm, Martinsee"]
[Date "2017.11.23"]
[Round "1.48"]
[White "Friedel, Thomas"]
[Black "Weyerer, Noah"]
[Result "1-0"]
[WhiteElo "1582"]
[BlackElo "1154"]
[PlyCount "119"]
[EventDate "2017.??.??"]
[WhiteTeam "SV Groß-Gerau"]
[BlackTeam "SV Oberursel"]

1. e4 e5 2. Nf3 Nc6 3. Bc4 Bc5 4. d3 Nf6 5. Nc3 h6 6. O-O d6 7. Be3 Bb6 8. Qd2
Bg4 9. Ne1 Qd7 10. Nd5 O-O-O 11. Bb5 Rhe8 12. a4 a6 13. Bxb6 Nxd5 14. exd5 axb5
15. dxc6 Qxc6 16. Be3 bxa4 17. Qb4 Be2 18. Rxa4 Bxf1 19. Qg4+ Re6 20. Kxf1 d5
21. Ra8+ Kd7 22. Rxd8+ Kxd8 23. Qxg7 Ke7 24. Qg4 d4 25. Bd2 Rg6 26. Qe4 Qxe4
27. dxe4 h5 28. Nd3 f6 29. Bb4+ Kd7 30. f4 exf4 31. Nxf4 Rh6 32. Ne2 Rg6 33. h3
b6 34. Bd2 c5 35. Nf4 Rg8 36. Nxh5 Ke6 37. Kf2 Rh8 38. Nf4+ Ke5 39. Ng6+ Kxe4
40. Nxh8 d3 41. cxd3+ Kxd3 42. Bc3 b5 43. Bxf6 Ke4 44. g4 Kf4 45. Ng6+ Ke4 46.
Ke2 c4 47. Bc3 b4 48. Bxb4 c3 49. Bxc3 Kd5 50. h4 Ke6 51. h5 Kd5 52. h6 Ke4 53.
h7 Kd5 54. h8=Q Kd6 55. Qe5+ Kd7 56. Qd5+ Kc7 57. Ba5+ Kb8 58. Qb5+ Ka7 59. Bc7
Ka8 60. Qb8# 1-0

[Event "Sparkassen-Open B"]
[Site "Heusenstamm, Martinsee"]
[Date "2017.11.23"]
[Round "1.49"]
[White "Boder, Jörg"]
[Black "Ketting, Douwe"]
[Result "1/2-1/2"]
[WhiteElo "1139"]
[BlackElo "1580"]
[PlyCount "128"]
[EventDate "2017.??.??"]
[WhiteTeam "SG Mörsdorf-Lahr"]
[BlackTeam "SC Somborn"]

1. b3 Nf6 2. Bb2 e6 3. e3 d5 4. Nf3 c5 5. Bb5+ Bd7 6. Qe2 a6 7. Bxd7+ Qxd7 8.
Ne5 Qc7 9. c4 Bd6 10. Ng4 Nxg4 11. Bxg7 Rg8 12. Qxg4 Rxg7 13. Qxg7 Be5 14. Qg8+
Ke7 15. Nc3 d4 16. exd4 cxd4 17. Ne4 d3 18. Rc1 Bb2 19. Rb1 Qe5 20. Qg5+ Kf8
21. Qxe5 Bxe5 22. O-O Bd4 23. Ng5 h6 24. Nf3 Nc6 25. Nxd4 Nxd4 26. Rfe1 f5 27.
Re3 Ne2+ 28. Kh1 Nf4 29. g3 Nh3 30. Rxe6 Nxf2+ 31. Kg2 Ne4 32. Rd1 Rd8 33. Rxh6
Kg7 34. Rb6 Rd7 35. Kf3 Nd6 36. Re1 Ne4 37. Rd1 Re7 38. b4 Nf6 39. Rd6 Re4 40.
Rxd3 Rxc4 41. a3 Kg6 42. Rc3 Rd4 43. d3 Rd7 44. Rc5 Nd5 45. h3 Nb6 46. Re5 Kf6
47. Re8 Kf7 48. Rh8 Kg7 49. Re8 Kf7 50. Ree1 Nd5 51. g4 fxg4+ 52. hxg4 Kf6 53.
d4 Nc3 54. Rd3 Nb5 55. Re4 Nd6 56. Rf4+ Ke6 57. g5 Kd5 58. g6 Rg7 59. Rg4 Nf5
60. Kf4 Ke6 61. Kg5 Ne7 62. Re3+ Kd7 63. Kh6 Nf5+ 64. Kg5 Nxe3 1/2-1/2

[Event "Sparkassen-Open B"]
[Site "Heusenstamm, Martinsee"]
[Date "2017.11.23"]
[Round "1.50"]
[White "Deutsch, Volker"]
[Black "Löhr, Frederic"]
[Result "1-0"]
[WhiteElo "1578"]
[BlackElo "1127"]
[PlyCount "65"]
[EventDate "2017.??.??"]
[WhiteTeam "SK Gründau"]
[BlackTeam "SF Ötzingen"]

1. e4 e5 2. Nf3 Nc6 3. Bc4 Be7 4. d3 h6 5. Be3 Nf6 6. c3 Ng4 7. O-O O-O 8. h3
Nxe3 9. fxe3 Bc5 10. d4 exd4 11. exd4 Be7 12. Nbd2 Bg5 13. Qe2 Na5 14. Nxg5
Qxg5 15. Rf5 Qg6 16. Rxa5 d6 17. e5 Bxh3 18. exd6 Rfe8 19. Re5 Rec8 20. Qf3
cxd6 21. Bd3 Qg4 22. Re3 Qxf3 23. Nxf3 Bd7 24. Rae1 Re8 25. Be4 Rab8 26. Bd5
Rxe3 27. Rxe3 b5 28. Re7 Rd8 29. Rxf7 Kh8 30. Nh4 a5 31. Ng6+ Kh7 32. Nf8+ Kh8
33. Nxd7 1-0

[Event "Sparkassen-Open B"]
[Site "Heusenstamm, Martinsee"]
[Date "2017.11.23"]
[Round "1.51"]
[White "Samy A S, Anthoni"]
[Black "Bär, Christian"]
[Result "0-1"]
[WhiteElo "1098"]
[BlackElo "1573"]
[PlyCount "136"]
[EventDate "2017.??.??"]
[WhiteTeam "SF Friedberg"]
[BlackTeam "SC Steinbach"]

1. e4 e5 2. Nf3 Nc6 3. Bc4 Bc5 4. d3 h6 5. Bd5 Nf6 6. Bxc6 bxc6 7. Nxe5 O-O 8.
O-O Re8 9. Ng4 d6 10. Nxf6+ Qxf6 11. Nc3 Qg6 12. Qf3 Rb8 13. a3 a5 14. Na4 Bd4
15. c3 Bf6 16. Re1 Bd7 17. d4 c5 18. Nxc5 dxc5 19. dxc5 Bc6 20. Qg3 Rxe4 21.
Rxe4 Bxe4 22. f3 Qxg3 23. hxg3 Bd5 24. Rb1 Bxc3 25. Bf4 Rxb2 26. Rd1 c6 27. Rd3
Rb1+ 28. Kh2 Bb2 29. Bc7 a4 30. Ba5 Ra1 31. Bb4 Kf8 32. Re3 Bd4 33. Rd3 Bg1+
34. Kh3 Be6+ 35. Kh4 Bxc5 36. Bxc5+ Ke8 37. g4 Rc1 38. Bd4 f6 39. Be3 Rc2 40.
Kg3 c5 41. Rd6 Bb3 42. Rc6 c4 43. Rc8+ Kf7 44. Rc7+ Ke6 45. Rxg7 Ra2 46. Bc5 c3
47. Re7+ Kd5 48. Bb4 c2 49. Re1 Rb2 50. Bd2 Rb1 51. Bc1 Bc4 52. Kf4 Kd4 53.
Re4+ Kc3 54. Re3+ Bd3 55. Re1 Rxc1 56. Rxc1 Kb2 57. Rxc2+ Bxc2 58. Ke3 Kxa3 59.
Kd2 Kb2 60. Ke3 a3 61. Kd4 a2 62. Kd5 a1=Q 63. Ke6 Kb3 64. Kf7 Qe5 65. Kg7 Qg5+
66. Kf7 Kc3 67. g3 Bb3+ 68. Ke7 Qe5+ 0-1

[Event "Sparkassen-Open B"]
[Site "Heusenstamm, Martinsee"]
[Date "2017.11.23"]
[Round "1.53"]
[White "Gräf, Britta"]
[Black "Kiel, Gerhard"]
[Result "0-1"]
[WhiteElo "950"]
[BlackElo "1571"]
[PlyCount "36"]
[EventDate "2017.??.??"]
[WhiteTeam "SV Frankfurt Nord"]
[BlackTeam "vereinslos"]

1. d4 g6 2. Bf4 Bg7 3. c3 Nf6 4. Nd2 d5 5. h3 O-O 6. e3 Nbd7 7. Ngf3 Re8 8. Bd3
e5 9. Nxe5 Nh5 10. Bh2 Nxe5 11. O-O Nxd3 12. f3 Rxe3 13. b3 Qe7 14. c4 Re2 15.
Qc2 Qe3+ 16. Kh1 Rxd2 17. Bg1 Qe2 18. Qd1 Qxg2# 0-1

[Event "Sparkassen-Open B"]
[Site "Heusenstamm, Martinsee"]
[Date "2017.11.24"]
[Round "2.1"]
[White "Lanz, Udo"]
[Black "Stork, Christopher"]
[Result "1/2-1/2"]
[WhiteElo "1782"]
[BlackElo "1664"]
[PlyCount "81"]
[EventDate "2017.??.??"]
[WhiteTeam "VSG Offenbach"]
[BlackTeam "SV Oberursel"]

1. c4 c5 2. g3 g6 3. Bg2 Bg7 4. Nc3 Nc6 5. e3 d6 6. Nge2 Nf6 7. O-O O-O 8. d4
cxd4 9. exd4 Bf5 10. b3 Rb8 11. a3 Qd7 12. Bb2 Rfc8 13. Rc1 Bh3 14. Re1 Bxg2
15. Kxg2 d5 16. c5 b6 17. cxb6 Rxb6 18. Na4 Rbb8 19. Nc5 Qd8 20. f3 Nd7 21. Ba1
Nxc5 22. Rxc5 e6 23. b4 Bf8 24. Rc3 a5 25. Qa4 Ne7 26. Rec1 axb4 27. axb4 Nf5
28. b5 Nd6 29. Rxc8 Rxc8 30. Rxc8 Qxc8 31. Nc3 Bg7 32. Qa6 Qb8 33. Qa4 Nc4 34.
Ne2 h6 35. Qb3 Nd6 36. Bb2 Qxb5 37. Qxb5 Nxb5 38. Kf2 Kf8 39. Ke3 Ke7 40. Kd3
Kd6 41. Bc1 1/2-1/2

[Event "Sparkassen-Open B"]
[Site "Heusenstamm, Martinsee"]
[Date "2017.11.24"]
[Round "2.2"]
[White "Hansen, Thore"]
[Black "Draxler, Gottfried"]
[Result "0-1"]
[WhiteElo "1648"]
[BlackElo "1781"]
[PlyCount "102"]
[EventDate "2017.??.??"]
[WhiteTeam "vereinslos"]
[BlackTeam "SF Neuberg"]

1. e4 c5 2. Nf3 d6 3. d4 cxd4 4. Nxd4 Nc6 5. Bc4 Nf6 6. Nc3 e6 7. O-O Be7 8.
Nf3 O-O 9. Re1 a6 10. a3 b5 11. Bb3 Bb7 12. Bf4 h6 13. Qd3 Qc7 14. Rad1 Rfd8
15. Bg3 Rac8 16. Re3 Ng4 17. Ree1 Na5 18. Qe2 Nc4 19. Bxc4 Qxc4 20. h3 Qxe2 21.
Rxe2 Nf6 22. Bh4 g5 23. Bg3 Ne8 24. Red2 Rc4 25. Rd4 Rxd4 26. Nxd4 Rc8 27. f4
Rc4 28. e5 d5 29. Nce2 Kg7 30. c3 Bd8 31. Kf1 Kg6 32. Ng1 Ng7 33. Ngf3 Nh5 34.
f5+ exf5 35. Bh2 Ng7 36. e6 f6 37. Re1 Be7 38. Ke2 f4 39. g3 fxg3 40. Bxg3 h5
41. Kd3 Rc8 42. Bh2 Rh8 43. Re2 h4 44. Rg2 Bc8 45. Nc6 Bc5 46. b4 Bb6 47. Ne7+
Kh5 48. Nxc8 Rxc8 49. Re2 Re8 50. e7 Nf5 51. Re6 Rxe7 0-1